Aceleración, prognosis y secularización

Saved in:
Bibliografiske detaljer
Hovedforfatter: Koselleck, Reinhart (Author)
Format: Bog
Sprog:spansk
Udgivet: Valencia Pre-textos 2003
Udgivelse:1a. ed
Fag:
Tags: Tilføj Tag
Ingen Tags, Vær først til at tagge denne postø!

MARC

LEADER 00000nam a2200000 a 4500
001 UCK9778
003 CL-VaPUC
008 060531e20030000SP |||||||||||||||||spa|d
020 |a 8481915262 
082 0 4 |a 303.49  |b KOS  |2 21 
100 |a Koselleck, Reinhart  |e author  |9 601819 
245 1 0 |a Aceleración, prognosis y secularización 
250 |a 1a. ed 
300 |a 96 p 
942 |c BK 
945 |d 20060531 00:00:00  |a jtorresc 
260 |a Valencia  |b Pre-textos  |c 2003 
650 0 |a Cambio social   |9 256857 
650 0 |a Desarrollo social  |9 264534 
650 0 |a Secularización  |9 258584 
650 7 |a PROGNOSIS  |2 CL-VaPUC  |9 499695 
650 7 |a PREDICCIONES SOCIALES  |2 CL-VaPUC  |9 264215 
650 7 |a FUTUROLOGIA  |2 CL-VaPUC  |9 328866 
583 |a last modification  |c 20060531 00:00:00  |k Rodrigo Vera 
999 |c 316840  |d 316838 
952 |0 0  |1 0  |4 0  |6 303_490000000000000_KOS_2003  |7 0  |8 A  |9 392335  |a BIBHIS  |b BIBHIS  |d 2019-11-22  |i 4237641  |l 2  |o 303.49 KOS 2003  |p 4237641  |r 2025-01-20  |s 2022-05-12  |w 2019-11-22  |y BK  |k HIS